Statistics for Capitals Closest to Boston - One Minute Sprint

Click here to take the quiz!

General Stats

  • This quiz has been taken 36 times
  • The average score is 10 of 20

Answer Stats

milescapitalkm% Correct
139Albany223
81%
313Ottawa504
77%
41Providence66
74%
394Washington634
74%
150Augusta241
71%
64Concord102
61%
335Harrisburg539
61%
92Hartford148
61%
152Montpelier245
58%
243Trenton391
58%
369Annapolis593
55%
323Dover519
52%
308Quebec City495
45%
430Toronto692
45%
474Richmond763
32%
622Charleston1001
26%
407Halifax655
19%
475Charlottetown765
13%
609Raleigh981
13%
332Fredericton535
6%

Score Distribution

Percentile by Number Answered

Percent of People with Each Score

Your Score History

You have not taken this quiz